FRA-Duques de Borgoña - Estadísticas

Estadísticas generales
  • Esta prueba ha sido intentada 3 veces
  • La puntuación promedio es 8 de 27
Estadísticas de respuestas
Período Nombre % Correcto
1349-1361 Felipe I
100%
1364-1404 Felipe II
100%
1419-1467 Felipe III
100%
1482-1506 Felipe IV
100%
1404-1419 Juan I
100%
1467-1477 Carlos I
67%
1032-1076 Roberto I
67%
1272-1306 Roberto II
67%
965-1002 Enrique I
33%
1477-1482 María I
33%
1079-1102 Eudes I
0%
1143-1162 Eudes II
0%
1192-1218 Eudes III
0%
1315-1349 Eudes IV
0%
952-956 Gilberto de Chalon
0%
923-952 Hugo el Negro
0%
1076-1079 Hugo I
0%
1102-1143 Hugo II
0%
1162-1192 Hugo III
0%
1218-1272 Hugo IV
0%
1306-1315 Hugo V
0%
1682-1711 Luis de Francia
0%
1751-1761 Luis de Francia
0%
956-965 Otón Enrique
0%
1022-1004 Otón Guillermo
0%
921-923 Raúl I
0%
880-921 Ricardo I
0%
No se encontraron pruebas coincidentes
Distribución de puntuación
Porcentaje de gente con cada puntuación
Porcentaje por número respondido
Historial de tus puntuaciones
No has intentado esta prueba.